000 00642nam a22002297a 4500
003 dpl
005 20180914143115.0
008 180914b xxu||||| |||| 00| 0 eng d
010 _aA-300160
020 _a0340383194
_c0.00
035 _aA-300160
040 _aDPL
_bEN
_c0
082 _a796.35
_bLYL
100 _aLyle, Sandy
245 _aLearning golf:
_bthe lyle way /
_cby Sandy lyle [and] John Andrisani
260 _aLondon
_bHodder & Stoughton
_c1986
270 _a47 Bedford square
_bLondon
300 _a189p.:
_c23cm
700 _aAndrisani, John
700 _aLewis, Ken
942 _2ddc
_cEN
_h796.35
_mLYL
999 _c157496
_d157496